000 01021cam a2200133 4500500
005 20251012001018.0
041 _afre
042 _adc
100 1 0 _aBoyer-Weinmann, Martine
_eauthor
245 0 0 _aLire Milan Kundera
260 _bArmand Colin,
_c2009.
520 _aÉcrivain de langues tchèque et française, Milan Kundera a reçu de nombreux prix littéraires dont le Grand prix de littérature de l’Académie française pour l’ensemble de son œuvre en 2001.Auteur politique et polémique, il interroge les thèmes de l’identité, de la parole et de l’illusion. Il a publié, entre autres succès, La Vie est ailleurs et l’Insoutenable légèreté de l’être.Ce livre présente la vie et l’environnement de Milan Kundera. Les thèmes et les structures de ses textes sont analysés.Le contexte de l’œuvre, son co-texte et les dialogues avec les autres arts sont enfin présentés.
856 4 1 _uhttps://shs.cairn.info/lire-milan-kundera--9782200243302?lang=fr&redirect-ssocas=7080
999 _c1512018
_d1512018